[Event "Regionalliga SW 1516"]
[Site "Bayern"]
[Date "2015.11.15"]
[Round "3.5"]
[White "Kramer, Colin"]
[Black "Brosig, Boris"]
[Result "1/2-1/2"]
[WhiteElo "2027"]
[BlackElo "2128"]
[PlyCount "56"]
[EventDate "2015.10.11"]
[EventType "team-tourn"]
[EventRounds "9"]
[EventCountry "GER"]
[SourceTitle "EXT 2018"]
[Source "ChessBase"]
[SourceDate "2017.10.13"]
[SourceVersion "1"]
[SourceVersionDate "2017.10.13"]
[SourceQuality "1"]
[WhiteTeam "Bayern Muenchen III"]
[BlackTeam "Unterhaching"]
[WhiteTeamCountry "GER"]
[BlackTeamCountry "GER"]

1. c4 b6 2. Nf3 Bb7 3. e3 e6 4. d4 Bb4+ 5. Nbd2 f5 6. Be2 Nf6 7. a3 Bxd2+ 8. Qxd2 d6 9. b4 a5 10. Bb2 Nbd7 11. 0-0 0-0 12. Rfc1 Qe7 13. Qc2 Ne4 14. Rd1 Rfe8 15. d5 e5 16. Nd2 Nxd2 17. Rxd2 Rf8 18. Bd3 e4 19. Bf1 Ne5 20. Bxe5 Qxe5 21. Rad1 axb4 22. axb4 Ra3 23. c5 bxc5 24. bxc5 Rfa8 25. Rb1 Ba6 26. Bxa6 R3xa6 27. cxd6 cxd6 28. g3 h6 1/2-1/2

[Event "Regionalliga SW 1516"]
[Site "Bayern"]
[Date "2015.10.11"]
[Round "1.5"]
[White "Tasdelen, Deniz Murat"]
[Black "Brosig, Boris"]
[Result "1/2-1/2"]
[WhiteElo "2102"]
[BlackElo "2128"]
[PlyCount "107"]
[EventDate "2015.10.11"]
[EventType "team-tourn"]
[EventRounds "9"]
[EventCountry "GER"]
[SourceTitle "EXT 2018"]
[Source "ChessBase"]
[SourceDate "2017.10.13"]
[SourceVersion "1"]
[SourceVersionDate "2017.10.13"]
[SourceQuality "1"]
[WhiteTeam "MSA Zugzwang II"]
[BlackTeam "Unterhaching"]
[WhiteTeamCountry "GER"]
[BlackTeamCountry "GER"]

1. d4 e6 2. c4 b6 3. Nc3 Bb4 4. Qb3 Qe7 5. Bf4 Bxc3+ 6. Qxc3 d6 7. Qf3 d5 8. cxd5 Bb7 9. Rc1 Bxd5 10. Qg3 Nf6 11. Rxc7 Qb4+ 12. Bd2 Qxd2+ 13. Kxd2 Ne4+ 14. Ke1 Nxg3 15. hxg3 Na6 16. Rc3 Bxa2 17. e4 Nb4 18. Bb5+ Kd8 19. Nf3 f6 20. Kd2 a6 21. Be2 Kd7 22. Rhc1 Rhc8 23. Rxc8 Rxc8 24. Rxc8 Kxc8 25. Kc3 a5 26. Nd2 Kc7 27. Bb5 e5 28. d5 Kd6 29. b3 Kc5 30. Be8 b5 31. g4 h6 32. g3 g5 33. f3 Na6 34. Kb2 Nb4 35. Ka3 a4 36. bxa4 bxa4 37. Bxa4 Bxd5 38. exd5 Nxd5 39. Kb2 Kd4 40. Bc6 Ne7 41. Be4 Ke3 42. Kc3 Kf2 43. Kc4 Kxg3 44. Kc5 Kf4 45. Kd6 f5 46. Bb7 fxg4 47. fxg4 Ng6 48. Be4 Nh4 49. Kd5 Kxg4 50. Kxe5 Kg3 51. Bd5 Ng6+ 52. Kf6 Nf4 53. Ne4+ Kh2 54. Nxg5 1/2-1/2

[Event "Landesliga Sued 1314"]
[Site "Bayern"]
[Date "2013.11.10"]
[Round "2.4"]
[White "Brosig, Boris"]
[Black "Wegerer, Fred"]
[Result "1/2-1/2"]
[WhiteElo "2184"]
[BlackElo "2159"]
[PlyCount "72"]
[EventDate "2013.10.13"]
[EventType "team-tourn"]
[EventRounds "9"]
[EventCountry "GER"]
[SourceTitle "EXT 2015"]
[Source "ChessBase"]
[SourceDate "2014.11.20"]
[SourceVersion "1"]
[SourceVersionDate "2014.11.20"]
[SourceQuality "1"]
[WhiteTeam "Unterhaching"]
[BlackTeam "Goeggingen"]
[WhiteTeamCountry "GER"]
[BlackTeamCountry "GER"]

1. e4 c6 2. d4 d5 3. e5 a6 4. Be3 Bf5 5. g4 Bd7 6. Nd2 h5 7. gxh5 Nh6 8. Nb3 Bf5 9. Bd3 e6 10. Ne2 Bg4 11. Qd2 Bxh5 12. Bg5 Qc7 13. Qf4 Bxe2 14. Bxe2 Nd7 15. Rc1 b5 16. c3 Nf5 17. Bd3 g6 18. Bxf5 gxf5 19. h4 f6 20. exf6 Qxf4 21. Bxf4 Nxf6 22. Ke2 Rh5 23. Rcg1 Kf7 24. f3 Be7 25. Na5 Rc8 26. b4 Ne8 27. Bg5 Bd6 28. Kd3 Nf6 29. Rg2 Rc7 30. Rhg1 Rh7 31. Bxf6 Kxf6 32. Rg6+ Kf7 33. Ke3 Bf8 34. Kf4 Bd6+ 35. Kg5 Be7+ 36. Kf4 Bd6+ 1/2-1/2

[Event "Landesliga Sued 1112"]
[Site "Bayern"]
[Date "2011.12.11"]
[Round "4.6"]
[White "Trapp, Maximilian"]
[Black "Brosig, Boris"]
[Result "1/2-1/2"]
[WhiteElo "2072"]
[BlackElo "2127"]
[PlyCount "91"]
[EventDate "2011.10.02"]
[EventType "team-tourn"]
[EventRounds "9"]
[EventCountry "GER"]
[SourceTitle "EXT 2013"]
[Source "ChessBase"]
[SourceDate "2012.11.22"]
[SourceVersion "1"]
[SourceVersionDate "2012.11.22"]
[SourceQuality "1"]
[WhiteTeam "Freising"]
[BlackTeam "Unterhaching"]
[WhiteTeamCountry "GER"]
[BlackTeamCountry "GER"]

1. d4 e6 2. Nf3 b6 3. g3 Bb7 4. Bg2 f5 5. 0-0 Nf6 6. c4 Be7 7. Nc3 0-0 8. a3 Ne4 9. Qc2 Nxc3 10. Qxc3 d6 11. b4 Nd7 12. Qe3 Be4 13. Nd2 d5 14. cxd5 exd5 15. f3 f4 16. Qb3 Bg6 17. Qxd5+ Bf7 18. Qe4 fxg3 19. hxg3 Nf6 20. Qd3 Qd6 21. Ne4 Nxe4 22. fxe4 Rad8 23. d5 Bf6 24. Bf4 Be5 25. Rac1 Bh5 26. Rc6 Qxc6 27. dxc6 Rxd3 28. exd3 Bxf4 29. Rxf4 Rd8 30. Bh3 g5 31. Rf5 Rxd3 32. Rxg5+ Bg6 33. Bf5 Kf7 34. Bxg6+ hxg6 35. Kf2 Kf6 36. Ke2 Rxa3 37. Rd5 Rxg3 38. Rd7 Rb3 39. Rxc7 Rxb4 40. Rxa7 Rxe4+ 41. Kf3 Rc4 42. c7 Kg5 43. Rb7 Rc3+ 44. Kg2 Kh5 45. Rxb6 Rxc7 46. Rb2 1/2-1/2

[Event "Regionalliga SW 1011"]
[Site "Bayern"]
[Date "2011.04.10"]
[Round "9.5"]
[White "Bucan, Djordje"]
[Black "Brosig, Boris"]
[Result "1-0"]
[WhiteElo "2096"]
[BlackElo "2094"]
[PlyCount "103"]
[EventDate "2010.10.10"]
[EventType "team-tourn"]
[EventRounds "9"]
[EventCountry "GER"]
[SourceTitle "EXT 2012"]
[Source "ChessBase"]
[SourceDate "2011.11.24"]
[SourceVersion "1"]
[SourceVersionDate "2011.11.24"]
[SourceQuality "1"]
[WhiteTeam "Muenchen Suedost"]
[BlackTeam "Unterhaching"]
[WhiteTeamCountry "GER"]
[BlackTeamCountry "GER"]

1. d4 e6 2. Nf3 b6 3. e4 Bb7 4. Bd3 c5 5. 0-0 cxd4 6. Nxd4 Bc5 7. Nb3 Ne7 8. Nxc5 bxc5 9. Nc3 0-0 10. Be3 Qc7 11. Nb5 Qc6 12. c4 d5 13. cxd5 exd5 14. exd5 Nxd5 15. Be4 Qxb5 16. Bxd5 Na6 17. Bxb7 Qxb7 18. b3 Rac8 19. Rc1 Rfd8 20. Qe2 Rc6 21. Rfd1 Rdc8 22. Rc4 Qe7 23. Qf3 h6 24. h3 Nb8 25. Qg4 Qe6 26. Qxe6 fxe6 27. Rdc1 Nd7 28. b4 Kf7 29. f4 Kf6 30. g4 Ra6 31. R1c2 Nb6 32. Rxc5 Rd8 33. Ra5 Rxa5 34. bxa5 Nd5 35. Bd4+ Kg6 36. Be5 Rd7 37. a3 Rb7 38. Rc6 Kf7 39. Ra6 Ne7 40. Bd4 Nc8 41. Kf2 Rc7 42. Ke3 g6 43. Ke4 Rd7 44. Be5 Ne7 45. Bd4 Nc8 46. Bc5 Rc7 47. Kd4 Ne7 48. Kc4 Nc8 49. Kb5 g5 50. f5 exf5 51. gxf5 Ne7 52. Rxa7 1-0

[Event "Regionalliga SW 1011"]
[Site "Bayern"]
[Date "2011.02.06"]
[Round "6.5"]
[White "Amelang, Thomas"]
[Black "Brosig, Boris"]
[Result "0-1"]
[WhiteElo "2061"]
[BlackElo "2094"]
[PlyCount "144"]
[EventDate "2010.10.10"]
[EventType "team-tourn"]
[EventRounds "9"]
[EventCountry "GER"]
[SourceTitle "EXT 2012"]
[Source "ChessBase"]
[SourceDate "2011.11.24"]
[SourceVersion "1"]
[SourceVersionDate "2011.11.24"]
[SourceQuality "1"]
[WhiteTeam "Muenchen Siemens"]
[BlackTeam "Unterhaching"]
[WhiteTeamCountry "GER"]
[BlackTeamCountry "GER"]

1. e4 c5 2. Nc3 d6 3. d3 Nc6 4. Be3 g6 5. g3 Bg7 6. Qd2 e6 7. Bg2 Rb8 8. f4 Nge7 9. Nf3 b5 10. 0-0 b4 11. Nd1 0-0 12. g4 f5 13. h3 Bd7 14. c3 Qa5 15. Nh4 Bf6 16. Qe1 bxc3 17. bxc3 Qa6 18. g5 Bg7 19. Qd2 Qa5 20. Rc1 Qa3 21. Bf3 Rb6 22. d4 cxd4 23. cxd4 fxe4 24. Bxe4 d5 25. Bg2 Na5 26. Rc3 Qa4 27. Nf3 Nc4 28. Qc2 Qxc2 29. Rxc2 Ba4 30. Rc3 Bxd1 31. Rxd1 Nxe3 32. Rxe3 Rxf4 33. Rc1 Rxd4 34. Ra3 Nc6 35. Nxd4 Bxd4+ 36. Kf1 Bb2 37. Rxc6 Bxa3 38. Rc7 a6 39. Bf3 Bd6 40. Rd7 Bf4 41. Rd8+ Kf7 42. Rd7+ Kf8 43. Rxh7 Bxg5 44. Be2 Rb1+ 45. Kf2 Rb2 46. Kf1 Rxa2 47. Bd3 a5 48. Bxg6 Ra4 49. Rd7 Kg8 50. Ra7 Rf4+ 51. Kg2 Rf6 52. Bh7+ Kh8 53. Bd3 Bd2 54. Rd7 Kg8 55. h4 Rh6 56. Kg3 Be1+ 57. Kg4 Bxh4 58. Ra7 Be1 59. Kf4 Bc3 60. Bc2 Kf8 61. Rc7 Bd4 62. Ba4 Bb6 63. Rc8+ Ke7 64. Bb5 Rf6+ 65. Kg5 Be3+ 66. Kg4 Kd6 67. Ra8 Bd2 68. Ra6+ Ke5 69. Bd7 Ke4 70. Kg3 Rg6+ 71. Kf2 Be3+ 72. Kf1 Kf3 0-1

[Event "Regionalliga SW 1011"]
[Site "Bayern"]
[Date "2010.12.12"]
[Round "4.5"]
[White "Tudosa, Daniel"]
[Black "Brosig, Boris"]
[Result "0-1"]
[WhiteElo "1970"]
[BlackElo "2094"]
[PlyCount "74"]
[EventDate "2010.10.10"]
[EventType "team-tourn"]
[EventRounds "9"]
[EventCountry "GER"]
[SourceTitle "EXT 2012"]
[Source "ChessBase"]
[SourceDate "2011.11.24"]
[SourceVersion "1"]
[SourceVersionDate "2011.11.24"]
[SourceQuality "1"]
[WhiteTeam "Tuerkheim/Bad Woerishofen"]
[BlackTeam "Unterhaching"]
[WhiteTeamCountry "GER"]
[BlackTeamCountry "GER"]

1. d4 e6 2. Nf3 b6 3. Bf4 Bb7 4. e3 f5 5. Be2 Nf6 6. h3 Bb4+ 7. c3 Bd6 8. Bxd6 cxd6 9. a4 0-0 10. 0-0 Nc6 11. Nbd2 Qe7 12. Qb3 d5 13. a5 Qd8 14. Ra2 Rc8 15. Rfa1 Qc7 16. axb6 axb6 17. Ba6 Bxa6 18. Rxa6 Rb8 19. Qb5 Ne8 20. Nb3 Nd6 21. Qd3 Nc4 22. R6a2 N6a5 23. Nbd2 Rfc8 24. b4 Nxd2 25. Nxd2 Nb7 26. Ra6 Nd6 27. R1a3 Qc6 28. Nf3 Qb5 29. Qd1 Ne4 30. Qa1 Nxc3 31. Rxc3 Rxc3 32. Qxc3 Qxa6 33. Qc7 Qc8 34. Qd6 Rb7 35. b5 Qc1+ 36. Kh2 Qc7 37. Qg3 Qxg3+ 0-1

[Event "Regionalliga SW 0910"]
[Site "Bayern"]
[Date "2010.03.21"]
[Round "8.5"]
[White "Schulz, Michael2222"]
[Black "Brosig, Boris"]
[Result "1-0"]
[WhiteElo "2136"]
[BlackElo "2094"]
[PlyCount "127"]
[EventDate "2009.10.18"]
[EventType "team-tourn"]
[EventRounds "9"]
[EventCountry "GER"]
[SourceTitle "EXT 2011"]
[Source "ChessBase"]
[SourceDate "2010.11.26"]
[SourceVersion "1"]
[SourceVersionDate "2010.11.26"]
[SourceQuality "1"]
[WhiteTeam "Bayern Muenchen III"]
[BlackTeam "Unterhaching"]
[WhiteTeamCountry "GER"]
[BlackTeamCountry "GER"]

1. Nf3 e6 2. c4 b6 3. Nc3 Bb4 4. g3 Bb7 5. Bg2 f5 6. Qb3 Qe7 7. a3 Bxc3 8. Qxc3 Nf6 9. b4 a5 10. Bb2 axb4 11. axb4 Rxa1+ 12. Bxa1 Na6 13. b5 Nc5 14. 0-0 0-0 15. Qc2 Ra8 16. Rc1 h6 17. d4 Be4 18. Qc3 Nb7 19. Bb2 Ra4 20. Ne5 Qb4 21. f3 Qxc3 22. Bxc3 d6 23. Ng6 Rxc4 24. fxe4 Nxe4 25. Bxe4 fxe4 26. Nf4 Kf7 27. Bd2 Rxc1+ 28. Bxc1 d5 29. Ba3 Na5 30. Kf2 Kf6 31. Bb4 g5 32. Ng2 e5 33. e3 Nc4 34. g4 Kf7 35. Ne1 Nb2 36. Ke2 Nc4 37. Nc2 exd4 38. Nxd4 Ne5 39. h3 Kg6 40. Be1 h5 41. Bg3 Nc4 42. Bxc7 hxg4 43. hxg4 Kf6 44. Nc2 Ke7 45. Nb4 Ke6 46. Nc6 Kd7 47. Be5 Na3 48. Nd4 Ke7 49. Bg3 Nc4 50. Nc2 Ke6 51. Kd1 Ke7 52. Kc1 Ke6 53. Kb1 d4 54. exd4 Kd5 55. Kc1 e3 56. Kd1 Nb2+ 57. Ke2 Kc4 58. Kxe3 Nd1+ 59. Ke4 Nc3+ 60. Ke5 Nxb5 61. d5 Kd3 62. Ne1+ Ke3 63. d6 Na7 64. Kd5 1-0

[Event "Oberliga Nord W 0607"]
[Site "Germany"]
[Date "2007.04.22"]
[Round "9.3"]
[White "Geveke, Michael"]
[Black "Brosig, Boris"]
[Result "1/2-1/2"]
[WhiteElo "2288"]
[BlackElo "2185"]
[PlyCount "65"]
[EventDate "2006.10.15"]
[EventType "team-tourn"]
[EventRounds "9"]
[EventCountry "GER"]
[SourceTitle "EXT 2008"]
[Source "ChessBase"]
[SourceDate "2007.11.25"]
[SourceVersion "1"]
[SourceVersionDate "2007.11.25"]
[SourceQuality "1"]
[WhiteTeam "Hannover SF"]
[BlackTeam "Osnabrueck"]
[WhiteTeamCountry "GER"]
[BlackTeamCountry "GER"]

1. Nf3 e6 2. g3 b6 3. Bg2 Bb7 4. c4 f5 5. Nc3 Bb4 6. Qc2 Nf6 7. a3 Bxc3 8. Qxc3 0-0 9. 0-0 Qe7 10. d3 a5 11. Bd2 a4 12. Rae1 d6 13. e4 fxe4 14. Ng5 h6 15. Nxe4 Nxe4 16. Bxe4 Bxe4 17. Rxe4 e5 18. d4 Nd7 19. dxe5 Nxe5 20. Bf4 Ra5 21. Bxe5 Rxe5 22. Rxe5 dxe5 23. Re1 Qf7 24. Qc2 Qf5 25. Re4 Rd8 26. Qe2 Rd2 27. Qe3 Rxf2 28. Rxe5 Rf1+ 29. Kg2 Rf2+ 30. Qxf2 Qxe5 31. Qc2 Kf7 32. Qxa4 Qxb2+ 33. Kg1 1/2-1/2

[Event "Niedersachsen-ch"]
[Site "Verden"]
[Date "2006.01.07"]
[Round "7"]
[White "Falk, Tobias"]
[Black "Brosig, Boris"]
[Result "1-0"]
[WhiteElo "1992"]
[BlackElo "2219"]
[PlyCount "51"]
[EventDate "2006.01.??"]
[EventType "swiss"]
[EventRounds "7"]
[EventCountry "GER"]
[SourceTitle "CBM 110 Extra"]
[Source "ChessBase"]
[SourceDate "2006.03.10"]
[SourceVersion "2"]
[SourceVersionDate "2006.03.10"]
[SourceQuality "1"]

1. c4 e5 2. Nc3 Nf6 3. e3 Bb4 4. d4 e4 5. Nge2 d6 6. Qa4+ Nc6 7. d5 Bd7 8. dxc6 Bxc3+ 9. Nxc3 bxc6 10. Qc2 Qe7 11. Be2 g5 12. b3 Bf5 13. Bb2 Rg8 14. 0-0-0 Bg6 15. Qd2 Nd7 16. f3 f5 17. fxe4 fxe4 18. Nd5 cxd5 19. Qxd5 0-0-0 20. Qa8+ Nb8 21. Bg4+ Rd7 22. Bxd7+ Kxd7 23. c5 Rc8 24. Qxa7 Ke6 25. Rhf1 Nd7 26. Qb7 1-0

[Event "Werther Schloss op-A 10th"]
[Site "Werther"]
[Date "2004.04.04"]
[Round "4"]
[White "Hilverda, Alexander"]
[Black "Brosig, Boris"]
[Result "0-1"]
[WhiteElo "2058"]
[BlackElo "2202"]
[PlyCount "160"]
[EventDate "2004.04.02"]
[EventType "swiss"]
[EventRounds "5"]
[EventCountry "GER"]
[SourceTitle "CBM 099 Extra"]
[Source "ChessBase"]
[SourceDate "2004.05.04"]
[SourceVersion "1"]
[SourceVersionDate "2004.05.04"]
[SourceQuality "1"]

1. e4 c5 2. Nf3 e6 3. d4 cxd4 4. Nxd4 Bc5 5. Nb3 Be7 6. Nc3 d6 7. Bd3 a6 8. 0-0 b5 9. Qg4 Bf6 10. f4 Qb6+ 11. Kh1 Ne7 12. a4 e5 13. Qe2 bxa4 14. Nxa4 Qc7 15. Nc3 Bb7 16. Na5 0-0 17. Rf3 Nbc6 18. Nxc6 Nxc6 19. Nd5 Qd8 20. Nxf6+ Qxf6 21. fxe5 Qxe5 22. c3 Qe7 23. Bf4 Ne5 24. Bxe5 Qxe5 25. Rf5 Qe6 26. Raf1 Rae8 27. Bxa6 Bxe4 28. R5f4 f5 29. b4 Qe5 30. Qc4+ d5 31. Qc5 Rf6 32. Bb5 Ra8 33. R4f2 Rh6 34. Rf4 g5 35. Bc6 Rf8 36. Bxd5+ Kg7 37. Qa7+ Kg6 38. Bxe4 gxf4 39. Bf3 Qxc3 40. b5 Qd3 41. Re1 Qxb5 42. h3 Qb4 43. Re7 Kg5 44. Rxh7 Rxh7 45. Qxh7 Kf6 46. Kh2 Qc5 47. Qh6+ Ke5 48. Qg7+ Rf6 49. Qb7 Ke6 50. Qb3+ Ke7 51. Qb7+ Kf8 52. Qb8+ Kg7 53. Qxf4 Qd6 54. Qxd6 Rxd6 55. Kg3 Kf6 56. h4 Rd4 57. h5 Kg5 58. Kf2 f4 59. Kg1 Rd6 60. Kh2 Kh4 61. Be2 Re6 62. Bd1 Re1 63. Bf3 Re6 64. Bb7 Re7 65. Bf3 Re1 66. h6 Re7 67. Kg1 Rh7 68. Kf2 Rxh6 69. Be4 Rb6 70. Kf3 Kg5 71. Kf2 Rb3 72. Bf3 Kh4 73. Be2 Kg5 74. Bf3 Kf5 75. Be2 Ke5 76. Bf3 Rb2+ 77. Be2 Ke4 78. Ke1 Ke3 79. Bf3 Rb1+ 80. Bd1 Kd3 0-1

[Event "Oberliga Nord W 0102"]
[Site "Germany"]
[Date "2002.04.14"]
[Round "8.3"]
[White "David, Adrian"]
[Black "Brosig, Boris"]
[Result "1-0"]
[WhiteElo "2305"]
[BlackElo "2185"]
[PlyCount "91"]
[EventDate "2001.10.07"]
[EventType "team"]
[EventRounds "9"]
[EventCountry "GER"]
[SourceTitle "EXT 2003"]
[Source "ChessBase"]
[SourceDate "2002.11.25"]
[SourceVersion "1"]
[SourceVersionDate "2002.11.25"]
[SourceQuality "1"]
[WhiteTeam "Hameln"]
[BlackTeam "Osnabrueck IGM"]
[WhiteTeamCountry "GER"]
[BlackTeamCountry "GER"]

1. Nf3 e6 2. c4 b6 3. g3 Bb7 4. Bg2 Nf6 5. 0-0 Be7 6. b3 0-0 7. Bb2 c5 8. e3 d5 9. Nc3 Nc6 10. cxd5 Nxd5 11. Nxd5 Qxd5 12. d4 Nb4 13. e4 Qh5 14. a3 Na6 15. Ne5 Qxd1 16. Raxd1 cxd4 17. Rxd4 Rfd8 18. b4 Rxd4 19. Bxd4 Rd8 20. Be3 Bf6 21. Nc4 Kf8 22. Rc1 Be7 23. Ne5 Bd6 24. Nc6 Bxc6 25. Rxc6 Nb8 26. Rc2 Nd7 27. f4 f6 28. Kf2 Ke7 29. Bf1 h6 30. h4 Nb8 31. h5 Rd7 32. Ke1 Rc7 33. Kd2 Rxc2+ 34. Kxc2 Bc7 35. Kb3 Kd6 36. a4 e5 37. Bb5 Nc6 38. Bxc6 Kxc6 39. Kc4 exf4 40. b5+ Kd7 41. Bxf4 Bxf4 42. gxf4 Ke6 43. Kd4 Kf7 44. Kd5 g5 45. hxg6+ Kxg6 46. Kd6 1-0

[Event "Oberliga Nord W 0102"]
[Site "Germany"]
[Date "2002.02.24"]
[Round "6.3"]
[White "Hummel, Dirk"]
[Black "Brosig, Boris"]
[Result "1/2-1/2"]
[WhiteElo "2269"]
[BlackElo "2185"]
[PlyCount "36"]
[EventDate "2001.10.07"]
[EventType "team"]
[EventRounds "9"]
[EventCountry "GER"]
[SourceTitle "EXT 2003"]
[Source "ChessBase"]
[SourceDate "2002.11.25"]
[SourceVersion "1"]
[SourceVersionDate "2002.11.25"]
[SourceQuality "1"]
[WhiteTeam "Tura Melle"]
[BlackTeam "Osnabrueck IGM"]
[WhiteTeamCountry "GER"]
[BlackTeamCountry "GER"]

1. d4 e6 2. c4 Nf6 3. Nc3 Bb4 4. e3 b6 5. Bd3 Bb7 6. Nge2 0-0 7. 0-0 d5 8. cxd5 exd5 9. Ng3 Nbd7 10. a3 Bxc3 11. bxc3 Ne4 12. c4 Ndf6 13. Bb2 Qd7 14. cxd5 Nxg3 15. hxg3 Qxd5 16. f3 Qg5 17. Qe1 Nh5 18. g4 Ng3 1/2-1/2

[Event "Oberliga Nord W 0102"]
[Site "Germany"]
[Date "2002.02.03"]
[Round "5.3"]
[White "Brosig, Boris"]
[Black "Brodhuhn, Reinhard"]
[Result "1-0"]
[WhiteElo "2185"]
[BlackElo "2251"]
[PlyCount "82"]
[EventDate "2001.10.07"]
[EventType "team"]
[EventRounds "9"]
[EventCountry "GER"]
[SourceTitle "EXT 2003"]
[Source "ChessBase"]
[SourceDate "2002.11.25"]
[SourceVersion "1"]
[SourceVersionDate "2002.11.25"]
[SourceQuality "1"]
[WhiteTeam "Osnabrueck IGM"]
[BlackTeam "Hannover"]
[WhiteTeamCountry "GER"]
[BlackTeamCountry "GER"]

1. e4 c5 2. Nf3 e6 3. d4 cxd4 4. Nxd4 Nf6 5. Nc3 Nc6 6. Ndb5 d6 7. Bf4 e5 8. Be3 a6 9. Na3 b5 10. Nd5 Nxd5 11. exd5 Ne7 12. c4 bxc4 13. Nxc4 Nf5 14. Bd3 Nxe3 15. Nxe3 Qa5+ 16. Qd2 Qxd2+ 17. Kxd2 g6 18. Nc4 Rb8 19. a4 Bb7 20. Nb6 Be7 21. a5 Bd8 22. Bc4 f5 23. Ra3 h5 24. b4 Ke7 25. Rha1 g5 26. Na4 Kf6 27. f3 g4 28. Nc3 gxf3 29. gxf3 Rg8 30. Kd3 Ke7 31. b5 axb5 32. Bxb5 h4 33. a6 Ba8 34. Bc6 Bxc6 35. dxc6 Ke6 36. a7 Ra8 37. Rb1 d5 38. Rb8 e4+ 39. fxe4 fxe4+ 40. Ke2 Bf6 41. Rxg8 Rxg8 1-0

[Event "Oberliga Nord W 0102"]
[Site "Germany"]
[Date "2001.10.07"]
[Round "1.3"]
[White "Gottschlich, Carsten"]
[Black "Brosig, Boris"]
[Result "1/2-1/2"]
[WhiteElo "2297"]
[BlackElo "2185"]
[PlyCount "54"]
[EventDate "2001.10.07"]
[EventType "team"]
[EventRounds "9"]
[EventCountry "GER"]
[SourceTitle "EXT 2003"]
[Source "ChessBase"]
[SourceDate "2002.11.25"]
[SourceVersion "1"]
[SourceVersionDate "2002.11.25"]
[SourceQuality "1"]
[WhiteTeam "Goettingen"]
[BlackTeam "Osnabrueck IGM"]
[WhiteTeamCountry "GER"]
[BlackTeamCountry "GER"]

1. d4 e6 2. c4 Bb4+ 3. Bd2 Bxd2+ 4. Qxd2 b6 5. Nc3 Bb7 6. e4 Ne7 7. Bd3 0-0 8. Nge2 f5 9. 0-0 Nbc6 10. f4 Nb4 11. Bb1 a5 12. a3 Na6 13. Bc2 Qe8 14. Rae1 Qf7 15. Ng3 Rad8 16. Re3 Rfe8 17. Qe2 g6 18. exf5 Nxf5 19. Nxf5 exf5 20. Re1 Kf8 21. Kf2 Rxe3 22. Qxe3 Re8 23. Qxe8+ Qxe8 24. Rxe8+ Kxe8 25. g3 Ke7 26. Ke3 Bc6 27. Bd3 Bb7 1/2-1/2

[Event "GER-chT Universities"]
[Site "Germany"]
[Date "1999.??.??"]
[Round "1"]
[White "Brosig, Boris"]
[Black "Voigt, Martin"]
[Result "0-1"]
[WhiteElo "2199"]
[BlackElo "2257"]
[PlyCount "63"]
[EventDate "1999.05.??"]
[EventType "team"]
[EventRounds "6"]
[EventCountry "GER"]
[SourceTitle "EXT 2003"]
[Source "ChessBase"]
[SourceDate "2002.11.25"]
[SourceVersion "1"]
[SourceVersionDate "2002.11.25"]
[SourceQuality "1"]

1. e4 e6 2. d4 d5 3. e5 c5 4. c3 Qb6 5. Nf3 Bd7 6. a4 Nc6 7. Bd3 cxd4 8. 0-0 a6 9. Qe2 Nge7 10. Rd1 Rc8 11. Bg5 dxc3 12. Nxc3 h6 13. Be3 Qc7 14. Rac1 Qb8 15. Bc5 Nxe5 16. Nxe5 Rxc5 17. Nxd7 Kxd7 18. Qf3 f5 19. b4 Rc8 20. Nxd5 Rxc1 21. Nb6+ Ke8 22. Rxc1 Qd6 23. a5 Kf7 24. Bc4 Qxb4 25. Qe2 Kg6 26. Qxe6+ Kh7 27. Nd7 Qd2 28. Rf1 Ng6 29. Qxf5 Bd6 30. Bd3 Qg5 31. Qe6 Bc7 32. h4 0-1